Từ điển lời hay ý đẹp : Túi khôn muôn đời của loài người
保存先:
| フォーマット: | 図書 |
|---|---|
| 言語: | Undetermined |
| 出版事項: |
Hà Nội
Thanh niên
2002
|
| 主題: | |
| タグ: |
タグ追加
タグなし, このレコードへの初めてのタグを付けませんか!
|
| Thư viện lưu trữ: | Trung tâm Học liệu Trường Đại học Cần Thơ |
|---|
| LEADER | 00646nam a2200205Ia 4500 | ||
|---|---|---|---|
| 001 | CTU_104326 | ||
| 008 | 210402s9999 xx 000 0 und d | ||
| 020 | |c 125000 | ||
| 082 | |a 398.9 | ||
| 082 | |b T550/T.2 | ||
| 245 | 0 | |a Từ điển lời hay ý đẹp : | |
| 245 | 0 | |b Túi khôn muôn đời của loài người | |
| 245 | 0 | |c Nguyễn Hùng Trương sưu tầm và tuyển chọn | |
| 260 | |a Hà Nội | ||
| 260 | |b Thanh niên | ||
| 260 | |c 2002 | ||
| 650 | |a Language and languages,Proverbs | ||
| 650 | |x Terms and phrases | ||
| 904 | |i Minh | ||
| 980 | |a Trung tâm Học liệu Trường Đại học Cần Thơ | ||